<?xml version="1.0" encoding="UTF-8"?>
<record
    xmlns:xsi="http://www.w3.org/2001/XMLSchema-instance"
    xsi:schemaLocation="http://www.loc.gov/MARC21/slim http://www.loc.gov/standards/marcxml/schema/MARC21slim.xsd"
    xmlns="http://www.loc.gov/MARC21/slim">

  <leader>02780nam a22002897a 4500</leader>
  <controlfield tag="003">NALT</controlfield>
  <controlfield tag="005">20230810114510.0</controlfield>
  <controlfield tag="008">230721b        th ||||| |||| 00| 0 tha d</controlfield>
  <datafield tag="020" ind1=" " ind2=" ">
    <subfield code="a">9786169359845</subfield>
  </datafield>
  <datafield tag="040" ind1=" " ind2=" ">
    <subfield code="a">NALT</subfield>
  </datafield>
  <datafield tag="086" ind1=" " ind2=" ">
    <subfield code="a">&#xE21;&#xE17; 09 1.2 2563-2565</subfield>
  </datafield>
  <datafield tag="110" ind1="2" ind2=" ">
    <subfield code="9">61133</subfield>
    <subfield code="a">&#xE01;&#xE23;&#xE30;&#xE17;&#xE23;&#xE27;&#xE07;&#xE21;&#xE2B;&#xE32;&#xE14;&#xE44;&#xE17;&#xE22;.</subfield>
    <subfield code="b">&#xE04;&#xE13;&#xE30;&#xE17;&#xE33;&#xE07;&#xE32;&#xE19;&#xE01;&#xE32;&#xE23;&#xE1E;&#xE31;&#xE12;&#xE19;&#xE32;&#xE40;&#xE28;&#xE23;&#xE29;&#xE10;&#xE01;&#xE34;&#xE08;&#xE10;&#xE32;&#xE19;&#xE23;&#xE32;&#xE01;&#xE41;&#xE25;&#xE30;&#xE1B;&#xE23;&#xE30;&#xE0A;&#xE32;&#xE23;&#xE31;&#xE10;</subfield>
  </datafield>
  <datafield tag="245" ind1="1" ind2="0">
    <subfield code="a">&#xE04;&#xE13;&#xE30;&#xE17;&#xE33;&#xE07;&#xE32;&#xE19;&#xE01;&#xE32;&#xE23;&#xE1E;&#xE31;&#xE12;&#xE19;&#xE32;&#xE40;&#xE28;&#xE23;&#xE29;&#xE10;&#xE01;&#xE34;&#xE08;&#xE10;&#xE32;&#xE19;&#xE23;&#xE32;&#xE01;&#xE41;&#xE25;&#xE30;&#xE1B;&#xE23;&#xE30;&#xE0A;&#xE32;&#xE23;&#xE31;&#xE10; &#xE1E;&#xE38;&#xE17;&#xE18;&#xE28;&#xE31;&#xE01;&#xE23;&#xE32;&#xE0A; 2563-2565 /</subfield>
    <subfield code="c">&#xE04;&#xE13;&#xE30;&#xE17;&#xE33;&#xE07;&#xE32;&#xE19;&#xE01;&#xE32;&#xE23;&#xE1E;&#xE31;&#xE12;&#xE19;&#xE32;&#xE40;&#xE28;&#xE23;&#xE29;&#xE10;&#xE01;&#xE34;&#xE08;&#xE10;&#xE32;&#xE19;&#xE23;&#xE32;&#xE01;&#xE41;&#xE25;&#xE30;&#xE1B;&#xE23;&#xE30;&#xE0A;&#xE32;&#xE23;&#xE31;&#xE10;.</subfield>
  </datafield>
  <datafield tag="250" ind1=" " ind2=" ">
    <subfield code="a">&#xE1E;&#xE34;&#xE21;&#xE1E;&#xE4C;&#xE04;&#xE23;&#xE31;&#xE49;&#xE07;&#xE17;&#xE35;&#xE48; 1.</subfield>
    <subfield code="b">               </subfield>
  </datafield>
  <datafield tag="260" ind1=" " ind2=" ">
    <subfield code="a">&#xE01;&#xE23;&#xE38;&#xE07;&#xE40;&#xE17;&#xE1E;&#xE2F; :</subfield>
    <subfield code="b">&#xE44;&#xE17;&#xE22;&#xE40;&#xE1A;&#xE1F;&#xE40;&#xE27;&#xE2D;&#xE40;&#xE23;&#xE08;,</subfield>
    <subfield code="c">2565.</subfield>
  </datafield>
  <datafield tag="300" ind1=" " ind2=" ">
    <subfield code="a">348 &#xE2B;&#xE19;&#xE49;&#xE32; :</subfield>
    <subfield code="b">&#xE20;&#xE32;&#xE1E;&#xE1B;&#xE23;&#xE30;&#xE01;&#xE2D;&#xE1A;, &#xE15;&#xE32;&#xE23;&#xE32;&#xE07;, &#xE41;&#xE1C;&#xE19;&#xE20;&#xE39;&#xE21;&#xE34; ;</subfield>
    <subfield code="c">29 &#xE0B;&#xE21;.</subfield>
  </datafield>
  <datafield tag="505" ind1="2" ind2=" ">
    <subfield code="a">&#xE1A;&#xE17;&#xE17;&#xE35;&#xE48; 1 &#xE40;&#xE2B;&#xE15;&#xE38;&#xE01;&#xE32;&#xE23;&#xE13;&#xE4C;&#xE2A;&#xE33;&#xE04;&#xE31;&#xE0D; (Timeline) &#xE1B;&#xE35; 2558-2565 --
&#xE1A;&#xE17;&#xE17;&#xE35;&#xE48; 2 &#xE01;&#xE32;&#xE23;&#xE14;&#xE33;&#xE40;&#xE19;&#xE34;&#xE19;&#xE07;&#xE32;&#xE19;&#xE02;&#xE2D;&#xE07;&#xE04;&#xE13;&#xE30;&#xE17;&#xE33;&#xE07;&#xE32;&#xE19;&#xE01;&#xE32;&#xE23;&#xE1E;&#xE31;&#xE12;&#xE19;&#xE32;&#xE40;&#xE28;&#xE23;&#xE29;&#xE10;&#xE01;&#xE34;&#xE08;&#xE10;&#xE32;&#xE19;&#xE23;&#xE32;&#xE01;&#xE41;&#xE25;&#xE30;&#xE1B;&#xE23;&#xE30;&#xE0A;&#xE32;&#xE23;&#xE31;&#xE10; --
&#xE1A;&#xE17;&#xE17;&#xE35;&#xE48; 3 &#xE01;&#xE32;&#xE23;&#xE14;&#xE33;&#xE40;&#xE19;&#xE34;&#xE19;&#xE07;&#xE32;&#xE19;&#xE02;&#xE2D;&#xE07;&#xE1A;&#xE23;&#xE34;&#xE29;&#xE31;&#xE17; &#xE1B;&#xE23;&#xE30;&#xE0A;&#xE32;&#xE23;&#xE31;&#xE10;&#xE2A;&#xE32;&#xE21;&#xE31;&#xE04;&#xE04;&#xE35; &#xE27;&#xE34;&#xE2A;&#xE32;&#xE2B;&#xE01;&#xE34;&#xE08;&#xE40;&#xE1E;&#xE37;&#xE48;&#xE2D;&#xE2A;&#xE31;&#xE07;&#xE04;&#xE21; (&#xE1B;&#xE23;&#xE30;&#xE40;&#xE17;&#xE28;&#xE44;&#xE17;&#xE22;) &#xE08;&#xE33;&#xE01;&#xE31;&#xE14; --
&#xE1A;&#xE17;&#xE17;&#xE35;&#xE48; 4 &#xE23;&#xE27;&#xE21;&#xE1C;&#xE25;&#xE07;&#xE32;&#xE19; &#xE40;&#xE04;&#xE23;&#xE37;&#xE2D;&#xE02;&#xE48;&#xE32;&#xE22;&#xE1A;&#xE23;&#xE34;&#xE29;&#xE31;&#xE17; &#xE1B;&#xE23;&#xE30;&#xE0A;&#xE32;&#xE23;&#xE31;&#xE10;&#xE23;&#xE31;&#xE01;&#xE2A;&#xE32;&#xE21;&#xE31;&#xE04;&#xE04;&#xE35; &#xE17;&#xE31;&#xE48;&#xE27;&#xE1B;&#xE23;&#xE30;&#xE40;&#xE17;&#xE28; (76 &#xE08;&#xE31;&#xE07;&#xE2B;&#xE27;&#xE31;&#xE14;) --
&#xE1A;&#xE17;&#xE17;&#xE35;&#xE48; 5 &#xE2B;&#xE25;&#xE31;&#xE01;&#xE01;&#xE32;&#xE23;&#xE41;&#xE25;&#xE30;&#xE41;&#xE19;&#xE27;&#xE04;&#xE34;&#xE14;&#xE43;&#xE19;&#xE01;&#xE32;&#xE23;&#xE17;&#xE33;&#xE07;&#xE32;&#xE19;&#xE02;&#xE2D;&#xE07;&#xE04;&#xE13;&#xE30;&#xE17;&#xE33;&#xE07;&#xE32;&#xE19;&#xE01;&#xE32;&#xE23;&#xE1E;&#xE31;&#xE12;&#xE19;&#xE32;&#xE40;&#xE28;&#xE23;&#xE29;&#xE10;&#xE01;&#xE34;&#xE08;&#xE10;&#xE32;&#xE19;&#xE23;&#xE32;&#xE01;&#xE41;&#xE25;&#xE30;&#xE1B;&#xE23;&#xE30;&#xE0A;&#xE32;&#xE23;&#xE31;&#xE10;.</subfield>
  </datafield>
  <datafield tag="610" ind1="2" ind2="4">
    <subfield code="9">61152</subfield>
    <subfield code="a">&#xE04;&#xE13;&#xE30;&#xE17;&#xE33;&#xE07;&#xE32;&#xE19;&#xE01;&#xE32;&#xE23;&#xE1E;&#xE31;&#xE12;&#xE19;&#xE32;&#xE40;&#xE28;&#xE23;&#xE29;&#xE10;&#xE01;&#xE34;&#xE08;&#xE10;&#xE32;&#xE19;&#xE23;&#xE32;&#xE01;&#xE41;&#xE25;&#xE30;&#xE1B;&#xE23;&#xE30;&#xE0A;&#xE32;&#xE23;&#xE31;&#xE10;.</subfield>
    <subfield code="x">&#xE1C;&#xE25;&#xE07;&#xE32;&#xE19;</subfield>
    <subfield code="y">2563-2565</subfield>
  </datafield>
  <datafield tag="610" ind1="2" ind2="4">
    <subfield code="9">61153</subfield>
    <subfield code="a">&#xE1A;&#xE23;&#xE34;&#xE29;&#xE31;&#xE17; &#xE1B;&#xE23;&#xE30;&#xE0A;&#xE32;&#xE23;&#xE31;&#xE10;&#xE23;&#xE31;&#xE01;&#xE2A;&#xE32;&#xE21;&#xE31;&#xE04;&#xE04;&#xE35; &#xE27;&#xE34;&#xE2A;&#xE32;&#xE2B;&#xE01;&#xE34;&#xE08;&#xE40;&#xE1E;&#xE37;&#xE48;&#xE2D;&#xE2A;&#xE31;&#xE07;&#xE04;&#xE21; (&#xE1B;&#xE23;&#xE30;&#xE40;&#xE17;&#xE28;&#xE44;&#xE17;&#xE22;) &#xE08;&#xE33;&#xE01;&#xE31;&#xE14;</subfield>
    <subfield code="x">&#xE1C;&#xE25;&#xE07;&#xE32;&#xE19;</subfield>
    <subfield code="y">2563-2565</subfield>
  </datafield>
  <datafield tag="650" ind1=" " ind2="4">
    <subfield code="9">430</subfield>
    <subfield code="a">&#xE01;&#xE32;&#xE23;&#xE1E;&#xE31;&#xE12;&#xE19;&#xE32;&#xE40;&#xE28;&#xE23;&#xE29;&#xE10;&#xE01;&#xE34;&#xE08;</subfield>
  </datafield>
  <datafield tag="653" ind1=" " ind2="4">
    <subfield code="a">&#xE01;&#xE32;&#xE23;&#xE1E;&#xE31;&#xE12;&#xE19;&#xE32;&#xE40;&#xE28;&#xE23;&#xE29;&#xE10;&#xE01;&#xE34;&#xE08;&#xE10;&#xE32;&#xE19;&#xE23;&#xE32;&#xE01;</subfield>
  </datafield>
  <datafield tag="850" ind1=" " ind2=" ">
    <subfield code="a">NALT</subfield>
  </datafield>
  <datafield tag="942" ind1=" " ind2=" ">
    <subfield code="c">GOV</subfield>
    <subfield code="2">local</subfield>
  </datafield>
  <datafield tag="996" ind1=" " ind2=" ">
    <subfield code="a">chunbijaya.r</subfield>
    <subfield code="b">CATSTF	</subfield>
    <subfield code="c">2023-07-21</subfield>
  </datafield>
  <datafield tag="996" ind1=" " ind2=" ">
    <subfield code="a">jamriang.p</subfield>
    <subfield code="b">CATSTF	</subfield>
    <subfield code="c">2023-07-26</subfield>
  </datafield>
  <datafield tag="999" ind1=" " ind2=" ">
    <subfield code="c">102375</subfield>
    <subfield code="d">102375</subfield>
  </datafield>
  <datafield tag="998" ind1=" " ind2=" ">
    <subfield code="j">1524</subfield>
    <subfield code="k"> &#xE19;&#xE32;&#xE07;&#xE2A;&#xE32;&#xE27;&#xE28;&#xE23;&#xE31;&#xE13;&#xE22;&#xE4C;&#xE20;&#xE23;  &#xE0A;&#xE33;&#xE19;&#xE32;&#xE0D;&#xE1B;&#xE48;&#xE32;</subfield>
  </datafield>
  <datafield tag="952" ind1=" " ind2=" ">
    <subfield code="0">0</subfield>
    <subfield code="1">0</subfield>
    <subfield code="2">local</subfield>
    <subfield code="4">0</subfield>
    <subfield code="7">0</subfield>
    <subfield code="8">CGOV</subfield>
    <subfield code="a">NALT</subfield>
    <subfield code="b">NALT</subfield>
    <subfield code="c">GOV</subfield>
    <subfield code="d">2023-07-21</subfield>
    <subfield code="o">&#xE21;&#xE17; 09 1.2 2563-2565</subfield>
    <subfield code="p">3961223271</subfield>
    <subfield code="r">2023-08-22 00:00:00</subfield>
    <subfield code="t">&#xE09;.1</subfield>
    <subfield code="w">2023-07-21</subfield>
    <subfield code="y">GOV</subfield>
  </datafield>
</record>
